| 000 | 01338cam a2200409 a 4500 | ||
|---|---|---|---|
| 999 |
_c71671 _d71671 |
||
| 001 | 14593633 | ||
| 003 | Nust | ||
| 005 | 20180712054637.0 | ||
| 008 | 061013r20062005enk 000 1 eng d | ||
| 010 | _a 2006284541 | ||
| 015 |
_aGBA663117 _2bnb |
||
| 016 | 7 |
_a013512560 _2Uk |
|
| 020 |
_a9781844671014 (pbk.) _cRs. 700 |
||
| 020 | _a1844671011 (pbk.) | ||
| 035 | _a(OCoLC)ocm70672539 | ||
| 038 | _aArshad | ||
| 040 |
_aUKM _cUKM _dBAKER _dDLC |
||
| 042 | _alccopycat | ||
| 043 | _ae-it--- | ||
| 050 | 0 | 0 |
_aPR6051.L44 _bS85 2006 |
| 082 | 0 | 0 |
_a823.914 _bALI |
| 100 | 1 |
_aAli, Tariq. _911601 |
|
| 245 | 1 | 2 |
_aA sultan in Palermo : _b[a novel] / _cTariq Ali. |
| 260 |
_aLondon ; _aNew York : _bVerso, _c2006. |
||
| 300 |
_a246 p. ; _c19 cm. |
||
| 600 | 0 | 0 |
_aIdrīsī, _dapproximately 1100-1166 _vFiction. _911602 |
| 650 | 0 |
_aCartographers _vFiction. _911603 |
|
| 650 | 0 |
_aMuslims _vFiction. _911604 |
|
| 650 | 0 |
_aSultans _vFiction. _911605 |
|
| 651 | 0 |
_aSicily (Italy) _xHistory _y1016-1194 _vFiction. _911606 |
|
| 651 | 0 |
_aPalermo (Italy) _vFiction. _911607 |
|
| 655 | 7 |
_aBiographical fiction. _2gsafd _9416 |
|
| 655 | 7 |
_aHistorical fiction. _2gsafd _9417 |
|
| 906 |
_a7 _bcbc _ccopycat _d2 _encip _f20 _gy-gencatlg |
||
| 942 |
_2ddc _cBK |
||